| 000 | 00557cam a22002171 4500 | ||
|---|---|---|---|
| 001 | e 16000237 | ||
| 003 | DLC | ||
| 005 | 20260227111205.0 | ||
| 008 | 840302s1915 xx 000 0 ger | ||
| 010 | _ae 16000237 | ||
| 035 | _a(OCoLC)29092854 | ||
| 040 |
_aDLC _cMnU _dDLC |
||
| 042 | _apremarc | ||
| 050 | 0 | 0 |
_aBF723.S35 _bG4 |
| 100 | 1 | _aGerson, Adolf. | |
| 245 | 1 | 0 | _aOszillierende gefühle. |
| 260 |
_aLangensalza, _bH. Beyer & söhne, _c1915. |
||
| 300 |
_a19, [1] p. _c25 cm. |
||
| 650 | 0 | _aSenses and sensation. | |
| 650 | 0 | _aChild psychology. | |
| 999 |
_c19962 _d19962 |
||